| 000 | 00504nam a2200145Ia 4500 | ||
|---|---|---|---|
| 008 | 170725s9999 xx 000 0 und d | ||
| 100 | _aAndreas Hellmann | ||
| 245 | 4 | _aThe influence of textual presentation order and graphical presentation on the judgements of non-professional investors | |
| 245 | _cAndreas Hellmann, Chiing Yeow & Lurion De Mello | ||
| 260 | _c2017 | ||
| 300 | _apages 455-470, June | ||
| 440 |
_aAccounting and Business Research _v47:4 |
||
| 500 | _aCJ0032 | ||
| 650 | _aAccounting | ||
| 999 |
_c340850 _d340850 |
||